| 000 | 00417cam a2200169ua 4500 | ||
|---|---|---|---|
| 003 | OSt | ||
| 008 | 241226b |||||||| |||| 00| 0 eng d | ||
| 041 | _aeng | ||
| 082 |
_a621.32 _bAME/WO |
||
| 100 |
_aAmes, R W . _96611 |
||
| 245 | _aWorked examples in illuminating engineering / | ||
| 250 | _a1 / | ||
| 260 |
_aLondon : _bMcDonald , _c1951. |
||
| 300 | _a238 ; . | ||
| 700 | 1 |
_aHarris, J B . _96612 |
|
| 942 | _cBK | ||
| 999 |
_c9301 _d9301 |
||